Heat and Mass Transfer

In the first chapter, which contains the basic concepts and fundamental laws of heat and mass transfer. The student obtains an overview of the different modes of heat and mass transfer, and learns at an early stage how to solve practical problems and to design heat and mass transfer apparatus.

Na minha lista:
Detalhes bibliográficos
Autor principal: Baehr, Hans Dieter
Formato: Livro
Idioma:Undetermined
Publicado em: Berlin Springer 1998
Assuntos:
Tags: Adicionar Tag
Sem tags, seja o primeiro a adicionar uma tag!
Thư viện lưu trữ: Trung tâm Học liệu Trường Đại học Cần Thơ
LEADER 00853nam a2200205Ia 4500
001 CTU_33335
008 210402s9999 xx 000 0 und d
082 |a 536.2 
082 |b B141 
100 |a Baehr, Hans Dieter 
245 0 |a Heat and Mass Transfer 
245 0 |c Hans Dieter Baehr, Karl Stephan; Dịch giả: Nicola Jane Park 
260 |a Berlin 
260 |b Springer 
260 |c 1998 
520 |a In the first chapter, which contains the basic concepts and fundamental laws of heat and mass transfer. The student obtains an overview of the different modes of heat and mass transfer, and learns at an early stage how to solve practical problems and to design heat and mass transfer apparatus. 
650 |a Heat,Mass transfer 
650 |x Transmission 
904 |i Thom, Năm 
980 |a Trung tâm Học liệu Trường Đại học Cần Thơ